|
|
|
|
| LEADER |
01138nam a2200277 a 4500 |
| 001 |
12795712 |
| 008 |
100818s2003 njua 001 0 eng d |
| 010 |
|
|
|a 2002072730
|
| 020 |
|
|
|a 0130463035
|
| 040 |
|
|
|a DLC
|c DLC
|d C#P
|d DLC
|d BD-DhAAL
|
| 082 |
0 |
0 |
|a 657/.45
|2 21
|
| 100 |
1 |
|
|a Arens, Alvin A.
|
| 245 |
1 |
0 |
|a Essentials of auditing and assurance services :
|b an integrated approach /
|c Alvin A. Arens, Randal J. Elder, Mark S. Beasley ; with Web content provided by Gregory J. Jenkins.
|
| 260 |
|
|
|a Upper Saddle River, N.J. :
|b Prentice Hall,
|c c2003.
|
| 300 |
|
|
|a xix, 539 p. :
|b ill. ;
|c 29 cm.
|
| 500 |
|
|
|a Brief version of: Auditing, an integrated approach.
|
| 500 |
|
|
|a Includes index.
|
| 541 |
1 |
|
|e 00014787
|
| 650 |
|
0 |
|a Auditing
|
| 700 |
1 |
|
|a Elder, Randal J.
|
| 700 |
1 |
|
|a Beasley, Mark S.
|
| 700 |
1 |
|
|a Jenkins, Gregory J.
|
| 700 |
1 |
2 |
|a Arens, Alvin A.
|t Auditing, an integrated approach.
|
| 852 |
4 |
|
|a Ayesha Abed Library
|j General shelf
|
| 999 |
|
|
|c 9388
|d 9388
|
| 952 |
|
|
|0 0
|1 0
|2 ddc
|4 0
|6 657_450000000000000_ARE_2003
|7 0
|9 12152
|a BRACUL
|b BRACUL
|c GEN
|d 2010-09-29
|l 7
|m 58
|o 657.45 ARE
|p 3010014787
|r 2025-05-12
|s 2025-02-19
|t 1
|w 2010-09-29
|y BK
|